000
00447nam a2200181Ia 4500
008
090124s9999 xx 000 0 und d
082
_b
103728
100
_a
दळवी जयवंत
245
_a
गहिवर
250
_a
1
260
_c
1951
300
_a
130
600
_a
दळवी जयवंत
630
_a
गहिवर
700
_a
दळवी जयवंत
730
_a
गहिवर
942
_c
BOOK
999
_c
149820
_d
149820